| 000 | 00582nam a2200241Ia 4500 | ||
|---|---|---|---|
| 005 | 20260430150600.0 | ||
| 008 | 008 250103s9999 xx 000 0 eng d | ||
| 037 | _aTheses | ||
| 040 | _aCRL | ||
| 040 | _beng | ||
| 040 | _ceng | ||
| 041 | _2eng | ||
| 041 | _aeng | ||
| 084 | _qCRL | ||
| 100 |
_aBhattacharya Geeta Au.; Soreng Eric Gu. _91237914 |
||
| 245 | 4 | _aThe Archetype of Time | |
| 260 | _c2023 | ||
| 300 | _a169p. | ||
| 650 | _aPsychology | ||
| 700 | _aUniversity of Delhi. Faculty of Arts. Deptt. of Psychology | ||
| 942 | _cTH | ||
| 999 |
_c1850132 _d1850132 |
||